logo

Bir Sreshtho Munshi Abdur Rouf Library
Jhenaidah Cadet College

আল কুরআন এক মহাবিস্ময় / (Record no. 10324)

MARC details
000 -LEADER
fixed length control field 01011nam a2200253 a 4500
001 - CONTROL NUMBER
JCCL Control Number 10324
003 - CONTROL NUMBER IDENTIFIER
JCCL marc code BD-JhCC
005 - DATE AND TIME OF LATEST TRANSACTION
control field 20220322134023.0
008 - FIXED-LENGTH DATA ELEMENTS--GENERAL INFORMATION
fixed length control field 180424s20082016bg |||| |||| 000 0 ben d
020 ## - INTERNATIONAL STANDARD BOOK NUMBER
International Standard Book Number 984843035X
035 ## - SYSTEM CONTROL NUMBER
system control number (BD-JhCC)10324
040 ## - CATALOGING SOURCE
Original cataloging agency BD-JhCC
Modifying agency BD-JhCC
041 ## - LANGUAGE CODE
Language code of Book ben
082 ## - DEWEY DECIMAL CLASSIFICATION NUMBER
Classification number 297.1226
Author mark and Year BUK 2016
100 ## - MAIN ENTRY--PERSONAL NAME
Personal name বুকাইলি, ড. মরিস
245 ## - TITLE STATEMENT
Title আল কুরআন এক মহাবিস্ময় /
Statement of responsibility, etc ড. মরিস বুকাইলি, ড. কিথ এল. মূর, গ্যারি মিলার, খোন্দকার রোকনুজ্জামার (অনু.)
260 ## - PUBLICATION, DISTRIBUTION, ETC. (IMPRINT)
Place of publication, distribution, etc ঢাকা :
Name of publisher, distributor, etc বাংলাদেশ ইসলামিক সেন্টার,
Date of publication, distribution, etc ২০১৬.
300 ## - PHYSICAL DESCRIPTION
Pagination ৮০ পৃ. :
Dimensions ১৯ সেমি.
650 ## - SUBJECT ADDED ENTRY--TOPICAL TERM
Topical term or geographic name as entry element Al-Quran
650 ## - SUBJECT ADDED ENTRY--TOPICAL TERM
Topical term or geographic name as entry element আল কুরআন
700 ## - ADDED ENTRY--PERSONAL NAME
Personal name মূর, ড. কিথ এল.
700 ## - ADDED ENTRY--PERSONAL NAME
Personal name মিলার, গ্যারি
942 ## - ADDED ENTRY ELEMENTS (KOHA)
Source of classification or shelving scheme Dewey Decimal Classification
Koha item type Books
Koha issues (borrowed), all copies 9
Holdings
Source of classification or shelving scheme Damaged status Not for loan Home library Current library Shelving location Date of accession Cost, normal purchase price Total Checkouts Full call number Barcode Date last seen Date checked out Copy number Koha item type
Dewey Decimal Classification     JCC Rouf Library JCC Rouf Library General Stacks 04/24/2018 60.00 9 297.1226 BUK 2016 13549 11/02/2025 10/26/2025 C-1 Books

JCC Library | Contacts | JCC Home

Last Update on 23 September 2017
Copyright @ 2017-2020 JCC Rouf Library
Rouf Library, Jhenidah Cadet College (JCC), Bangladesh